00772nam a2200217 a 450000100100000000500170001000800410002704000250006808200190009310000480011224500820016025000190024226000300026130000210029165000260031265000300033870000370036804900090040595201230041499900170053700001863620200929165831.0100512s1970 mx r 000 f spa d aDO-SdBNPbspacBNPHU a843.912bM495c1 aMeersch, Maxence van der,d1907-195191381810aCuerpos y almas /cMaxence van der Meersch ; traducción Cristóbal Rivero. a1a ed. 9a imp. aMéxico :bDIANA,c1970. a478 p. ;c20 cm. 4aNovela francesa91075 4aLiteratura francesa910741 aRivero, Cristóbal,etr.940271 aBNGR 001054708MOaGRbGRcCTd2010-05-12iLF1l0o843.912 M495cp18636-10r2020-06-25w2020-06-25y4ZPréstamo en sala c18156d18156